000 00587nam a2200169 i 4500
001 80259
003 ES-MaACL
005 20230906174156.0
007 t|
008 041027s1966 sp ||||1| spa d
100 1 _aHidalgo, Luis.
_963574
245 1 0 _aInfluencia de la densidad y disposición de plantación en la producción del viñedo /
_cpor Luis Hidalgo y Manuel R. Candela.
260 _aMadrid :
_bInstituto Nacional de Investigaciones Agronómicas,
_c1966.
300 _a68 p. :
_bil. ;
_c24 cm.
700 1 _aCandela, Manuel R.
_934456
852 _aES-MaACL
_jC-33002
_bR.63504
999 _c80259
_d80259